[Event "POL-ch Universities (Women)"]
[Site "Lublin"]
[Date "2024.02.23"]
[Round "4"]
[White "Antolak, Julia"]
[Black "Kroliczek, Gabriela"]
[Result "1/2-1/2"]
[WhiteElo "2309"]
[BlackElo "1928"]
[PlyCount "50"]
[EventDate "2024.02.22"]
[EventType "swiss"]
[EventRounds "9"]
[EventCountry "POL"]
[SourceTitle "CB10_2024"]
[SourceDate "2024.03.06"]
[SourceVersion "1"]
[SourceVersionDate "2024.03.06"]
[SourceQuality "1"]

1. d4 Nf6 2. c4 g6 3. Nc3 d5 4. cxd5 Nxd5 5. e4 Nxc3 6. bxc3 Bg7 7. Bc4 c5 8. Ne2 Nc6 9. Be3 0-0 10. 0-0 Bg4 11. f3 Na5 12. Bd3 cxd4 13. cxd4 Be6 14. Qa4 a6 15. Rac1 b5 16. Qb4 Bxa2 17. d5 Bc4 18. Rfd1 Bxd3 19. Rxd3 Nc4 20. Bc5 Re8 21. Nd4 Rc8 22. Rdd1 Bxd4+ 23. Bxd4 f6 24. Ra1 Ra8 25. Qb3 Qd6 1/2-1/2

[Event "Krakow op-A 34th"]
[Site "Krakow"]
[Date "2023.12.30"]
[Round "4"]
[White "Valiyev, Shahin"]
[Black "Antolak, Julia"]
[Result "0-1"]
[WhiteElo "2158"]
[BlackElo "2287"]
[PlyCount "120"]
[EventDate "2023.12.27"]
[EventType "swiss"]
[EventRounds "9"]
[EventCountry "POL"]
[SourceTitle "CB02_2024"]
[SourceDate "2024.01.10"]
[SourceVersion "1"]
[SourceVersionDate "2024.01.10"]
[SourceQuality "1"]

1. e4 e5 2. Nf3 Nc6 3. Bb5 a6 4. Ba4 Nf6 5. 0-0 Bc5 6. c3 0-0 7. d4 Ba7 8. Re1 b5 9. Bb3 d6 10. h3 h6 11. Be3 Bd7 12. Nbd2 Re8 13. dxe5 Bxe3 14. Rxe3 Nxe5 15. Nxe5 dxe5 16. Nf1 c5 17. Ng3 c4 18. Bc2 Qb6 19. Qf3 Rad8 20. Rd1 Be6 21. Ree1 a5 22. a3 b4 23. axb4 axb4 24. Nf1 b3 25. Bb1 Rxd1 26. Rxd1 Rd8 27. Re1 Rd6 28. Qe2 Nd7 29. Ne3 Nc5 30. Kh2 Qd8 31. Nd5 f5 32. f3 Qh4 33. Rd1 Bxd5 34. exd5 Nd7 35. g3 Qh5 36. Qxc4 Qxf3 37. Rf1 Qxd5 38. Qxd5+ Rxd5 39. Bxf5 Nc5 40. Rf2 e4 41. Bg4 e3 42. Re2 h5 43. Bf3 Re5 44. Kg2 Nd3 45. c4 Kf8 46. h4 g6 47. Kf1 Ke7 48. Rg2 Rf5 49. Ke2 Nxb2 50. Be4 Nxc4 51. Bxf5 gxf5 52. Rg1 Na3 53. Ra1 b2 54. Rxa3 b1Q 55. Rxe3+ Kf6 56. Kf2 Qh1 57. Rf3 Qh2+ 58. Kf1 Ke5 59. Re3+ Kd4 60. Rf3 Ke5 0-1

[Event "Figueira da Foz op 17th"]
[Site "Figueira da Foz"]
[Date "2023.11.10"]
[Round "7"]
[White "Antolak, Julia"]
[Black "Solodovnichenko, Yuri"]
[Result "0-1"]
[WhiteElo "2281"]
[BlackElo "2490"]
[PlyCount "134"]
[EventDate "2023.11.05"]
[EventType "swiss"]
[EventRounds "9"]
[EventCountry "POR"]
[SourceTitle "CB46_2023"]
[SourceDate "2023.11.15"]
[SourceVersion "1"]
[SourceVersionDate "2023.11.15"]
[SourceQuality "1"]

1. d4 d6 2. e4 g6 3. Nc3 Bg7 4. Bg5 a6 5. Qd2 Nd7 6. f4 c5 7. Nf3 b5 8. 0-0-0 Bb7 9. e5 Qc7 10. dxc5 dxe5 11. Nd5 Bxd5 12. Qxd5 Rc8 13. Nxe5 Nxe5 14. fxe5 Bxe5 15. c6 Qxc6 16. Qxc6+ Rxc6 17. Be2 h6 18. Bf3 Re6 19. Bd2 Nf6 20. Rhe1 g5 21. Kb1 0-0 22. Bb4 Rb8 23. h3 Kf8 24. a3 h5 25. Bd5 Nxd5 26. Rxd5 Bf6 27. Rxe6 fxe6 28. Rd7 Rc8 29. b3 Kf7 30. Kc1 e5 31. Kd2 e4 32. c3 Ke6 33. Ra7 Kf5 34. Bxe7 Bxc3+ 35. Ke3 Rc6 36. Bf8 Bf6 37. Bb4 Re6 38. Rd7 g4 39. Rd5+ Re5 40. hxg4+ hxg4 41. Rd6 Bg5+ 42. Ke2 Re6 43. Rd5+ Kg6 44. Bd2 Bh4 45. Bf4 Be7 46. a4 bxa4 47. bxa4 Rc6 48. Ra5 Bb4 49. Re5 Rc2+ 50. Kf1 Bd6 51. Rg5+ Kf6 52. Be3 Rc3 53. Bd4+ Kxg5 54. Bxc3 Kf4 55. Ke2 Kg3 56. Ke3 Kxg2 57. Kxe4 g3 58. Kd5 Be7 59. Be1 a5 60. Bxa5 Kf3 61. Bc7 g2 62. Bh2 Bb4 63. Kc6 Be1 64. Kb7 Bf2 65. a5 Kg4 66. a6 Kh3 67. a7 Bxa7 0-1

[Event "Figueira da Foz op 17th"]
[Site "Figueira da Foz"]
[Date "2023.11.09"]
[Round "6"]
[White "Petkov, Vladimir"]
[Black "Antolak, Julia"]
[Result "1/2-1/2"]
[WhiteElo "2408"]
[BlackElo "2281"]
[PlyCount "117"]
[EventDate "2023.11.05"]
[EventType "swiss"]
[EventRounds "9"]
[EventCountry "POR"]
[SourceTitle "CB46_2023"]
[SourceDate "2023.11.15"]
[SourceVersion "1"]
[SourceVersionDate "2023.11.15"]
[SourceQuality "1"]

1. d4 Nf6 2. Nf3 e6 3. c4 Bb4+ 4. Bd2 Qe7 5. g3 Bxd2+ 6. Nbxd2 d6 7. Bg2 e5 8. Nf1 0-0 9. Ne3 c6 10. 0-0 Ng4 11. c5 dxc5 12. Nxg4 Bxg4 13. Nxe5 Bh5 14. g4 Bg6 15. f4 cxd4 16. Qxd4 Re8 17. Rad1 Na6 18. Nc4 Rad8 19. Nd6 Nc7 20. Qc5 Bc2 21. Qxc2 Rxd6 22. e4 Red8 23. Rxd6 Qxd6 24. e5 Qd4+ 25. Kh1 Nd5 26. Bxd5 Qxd5+ 27. Kg1 Qxa2 28. Qf2 Qa5 29. Re1 Rd2 30. Re2 Rd1+ 31. Kg2 Qd5+ 32. Kg3 Rd3+ 33. Re3 h6 34. h4 a5 35. h5 b5 36. Rxd3 Qxd3+ 37. Kh4 a4 38. Qc5 Qf3 39. Qd4 Qd5 40. Qb6 Kh7 41. Qf2 Qe4 42. Qd2 Qh1+ 43. Kg3 Qd5 44. Qc2+ Kg8 45. Qf5 Qe6 46. Qd3 Qe7 47. Qf5 Qe8 48. Qd3 c5 49. Qd5 c4 50. f5 b4 51. e6 c3 52. bxc3 bxc3 53. Qd7 Qb8+ 54. Kh3 fxe6 55. fxe6 c2 56. e7 c1Q 57. e8Q+ Qxe8 58. Qxe8+ Kh7 59. Qg6+ 1/2-1/2

[Event "Figueira da Foz op 17th"]
[Site "Figueira da Foz"]
[Date "2023.11.08"]
[Round "5"]
[White "Antolak, Julia"]
[Black "Urazayev, Arystanbek"]
[Result "1/2-1/2"]
[WhiteElo "2281"]
[BlackElo "2478"]
[PlyCount "118"]
[EventDate "2023.11.05"]
[EventType "swiss"]
[EventRounds "9"]
[EventCountry "POR"]
[SourceTitle "CB46_2023"]
[SourceDate "2023.11.15"]
[SourceVersion "1"]
[SourceVersionDate "2023.11.15"]
[SourceQuality "1"]

1. e4 e5 2. Nf3 Nc6 3. Bb5 a6 4. Ba4 Nf6 5. d3 b5 6. Bb3 Bc5 7. Nc3 d6 8. Nd5 h6 9. c3 Rb8 10. h3 Ba7 11. Be3 Bxe3 12. fxe3 Nxd5 13. Bxd5 Ne7 14. Bb3 Ng6 15. 0-0 0-0 16. Qe1 Qe7 17. Qg3 Be6 18. Rf2 Bxb3 19. axb3 Qe6 20. b4 Rb6 21. Nh2 c5 22. bxc5 dxc5 23. Rf5 c4 24. d4 exd4 25. exd4 Qxe4 26. Raf1 b4 27. Ng4 bxc3 28. bxc3 h5 29. Rxh5 f5 30. Ne5 Nxe5 31. dxe5 Rb1 32. Rxb1 Qxb1+ 33. Kh2 Qe4 34. Rh4 f4 35. Qg5 Qf5 36. Qxf5 Rxf5 37. g3 Rxe5 38. Rxf4 Re2+ 39. Kg1 Re3 40. Rxc4 Rxg3+ 41. Kh2 Rg6 42. Rc7 a5 43. Ra7 Rg5 44. c4 Kf8 45. h4 Rc5 46. Kg3 Kg8 47. Kh3 Kh7 48. Ra6 g6 49. Ra7+ Kg8 50. Kg3 Kf8 51. Kh3 Ke8 52. Kg3 Kd8 53. Ra6 Ke7 54. Rxg6 Rxc4 55. Ra6 a4 56. h5 Kf7 57. h6 Kg8 58. Ra7 Rc6 59. Rxa4 Rxh6 1/2-1/2

[Event "Warsaw Szansa blitz op"]
[Site "Warsaw"]
[Date "2023.09.16"]
[Round "3"]
[White "Antolak, Julia"]
[Black "Bartel, Mateusz"]
[Result "0-1"]
[WhiteElo "2299"]
[BlackElo "2621"]
[PlyCount "76"]
[EventDate "2023.09.16"]
[EventType "swiss (blitz)"]
[EventRounds "13"]
[EventCountry "POL"]
[SourceTitle "EXT 2024"]
[Source "ChessBase"]
[SourceDate "2023.10.10"]
[SourceVersion "1"]
[SourceVersionDate "2023.10.10"]
[SourceQuality "1"]

1. d4 d5 2. c4 e6 3. Nc3 Be7 4. cxd5 exd5 5. Bf4 Nf6 6. e3 0-0 7. Bd3 c5 8. Nge2 Nc6 9. 0-0 Nh5 10. dxc5 Be6 11. Bg3 Nxg3 12. hxg3 Bxc5 13. Nf4 g6 14. Rc1 Bb6 15. Na4 Qd6 16. a3 Rad8 17. Nxb6 axb6 18. Be2 d4 19. exd4 Nxd4 20. Bg4 Bb3 21. Qe1 h5 22. Bf3 Nxf3+ 23. gxf3 Ba4 24. Qc3 Bc6 25. Rfe1 Rfe8 26. Re3 Rxe3 27. Qxe3 Qd2 28. b4 Qxe3 29. fxe3 Bxf3 30. Rc7 Rd2 31. Rc8+ Kg7 32. Rc7 Kf6 33. a4 g5 34. Nh3 Rg2+ 35. Kf1 Rxg3 36. Nf2 h4 37. Rc8 Kg7 38. Rc7 h3 0-1

[Event "Warsaw Szansa blitz op"]
[Site "Warsaw"]
[Date "2023.09.16"]
[Round "9"]
[White "Antolak, Julia"]
[Black "Maltsevskaya, Aleksandra"]
[Result "0-1"]
[WhiteElo "2299"]
[BlackElo "2386"]
[PlyCount "62"]
[EventDate "2023.09.16"]
[EventType "swiss (blitz)"]
[EventRounds "13"]
[EventCountry "POL"]
[SourceTitle "EXT 2024"]
[Source "ChessBase"]
[SourceDate "2023.10.10"]
[SourceVersion "1"]
[SourceVersionDate "2023.10.10"]
[SourceQuality "1"]

1. d4 Nf6 2. c4 c5 3. d5 b5 4. cxb5 a6 5. e3 g6 6. Nc3 Bg7 7. a4 0-0 8. e4 d6 9. Nf3 e6 10. Be2 exd5 11. exd5 axb5 12. Nxb5 Bb7 13. Nc3 Nbd7 14. 0-0 Nb6 15. Bg5 h6 16. Bxf6 Bxf6 17. Qb3 Ba6 18. Bb5 Bxb5 19. Qxb5 Bxc3 20. bxc3 Nxd5 21. Qd3 Nf4 22. Qe4 Qf6 23. Rfe1 Kg7 24. c4 Rfe8 25. Qc2 Re2 26. Qb3 Rae8 27. Rad1 Rxe1+ 28. Nxe1 Ne2+ 29. Kh1 Qxf2 30. Nf3 Nd4 31. h3 Nxb3 0-1

[Event "WchT (Women) Pool-B"]
[Site "Bydgoszcz"]
[Date "2023.09.06"]
[Round "2.1"]
[White "Antolak, Julia"]
[Black "Campos, Maria Jose"]
[Result "1/2-1/2"]
[WhiteElo "2299"]
[BlackElo "2206"]
[PlyCount "116"]
[EventDate "2023.09.06"]
[EventType "team (rapid)"]
[EventRounds "5"]
[EventCountry "POL"]
[SourceTitle "EXT 2024"]
[Source "ChessBase"]
[SourceDate "2023.10.10"]
[SourceVersion "1"]
[SourceVersionDate "2023.10.10"]
[SourceQuality "1"]
[WhiteTeam "Poland (W)"]
[BlackTeam "FIDE Americas (W)"]
[WhiteTeamCountry "POL"]

1. d4 Nf6 2. c4 e6 3. Nc3 Bb4 4. f3 c5 5. d5 b5 6. e4 d6 7. Bd2 exd5 8. cxd5 a6 9. a4 bxa4 10. Qxa4+ Nbd7 11. Nh3 0-0 12. Be2 Nb6 13. Qc2 c4 14. Be3 Nfd7 15. Nf2 f5 16. exf5 Nc5 17. 0-0 Bxf5 18. Nce4 Rc8 19. Qd1 Kh8 20. Ng3 Bg6 21. Nfe4 Qe7 22. Kh1 Qe5 23. Bd4 Qxd5 24. Bxc5 Bxc5 25. Rxa6 Rfd8 26. Qxd5 Nxd5 27. Nxc5 Rxc5 28. Rd1 h5 29. h4 Kh7 30. Rd4 c3 31. bxc3 Nxc3 32. Raxd6 Rxd6 33. Rxd6 Re5 34. Bd3 Bxd3 35. Rxd3 Rc5 36. Kh2 g6 37. Ne4 Nxe4 38. fxe4 Re5 39. Re3 Kg7 40. Kg3 g5 41. hxg5 Rxg5+ 42. Kf3 h4 43. Re2 Kf6 44. Kf4 Rg8 45. Ra2 Ke6 46. Ra6+ Ke7 47. Ra7+ Ke6 48. Ra6+ Ke7 49. Rh6 Rxg2 50. Rxh4 Rg1 51. Kf5 Ra1 52. Rh7+ Ke8 53. e5 Ra6 54. Rh8+ Ke7 55. Rh7+ Ke8 56. e6 Ra1 57. Kf6 Rf1+ 58. Ke5 Re1+ 1/2-1/2

[Event "POL Superleague Rapid"]
[Site "Poland"]
[Date "2023.06.07"]
[Round "9.4"]
[White "Antolak, Julia"]
[Black "Kiolbasa, Oliwia"]
[Result "1/2-1/2"]
[WhiteElo "2288"]
[BlackElo "2422"]
[PlyCount "33"]
[EventDate "2023.04.04"]
[EventType "team-tourn (rapid)"]
[EventRounds "14"]
[EventCountry "POL"]
[SourceTitle "EXT 2024"]
[Source "ChessBase"]
[SourceDate "2023.10.10"]
[SourceVersion "1"]
[SourceVersionDate "2023.10.10"]
[SourceQuality "1"]
[WhiteTeam "Gliwice Akademia Szachowa II"]
[BlackTeam "Gliwice Akademia Szachowa"]
[WhiteTeamCountry "POL"]
[BlackTeamCountry "POL"]

1. d4 d5 2. c4 e6 3. Nc3 Nf6 4. Bg5 Be7 5. e3 h6 6. Bh4 Nbd7 7. Nf3 0-0 8. Qc2 c5 9. dxc5 dxc4 10. Bxc4 Qa5 11. 0-0 Qxc5 12. Ne4 Nxe4 13. Bxe7 Qxe7 14. Qxe4 Nf6 15. Qf4 Rd8 16. Rfd1 Bd7 17. Ne5 1/2-1/2

[Event "POL Superleague Rapid"]
[Site "Poland"]
[Date "2023.06.07"]
[Round "8.4"]
[White "Antolak, Julia"]
[Black "Kulon, Klaudia"]
[Result "1/2-1/2"]
[WhiteElo "2288"]
[BlackElo "2314"]
[PlyCount "73"]
[EventDate "2023.04.04"]
[EventType "team-tourn (rapid)"]
[EventRounds "14"]
[EventCountry "POL"]
[SourceTitle "EXT 2024"]
[Source "ChessBase"]
[SourceDate "2023.10.10"]
[SourceVersion "1"]
[SourceVersionDate "2023.10.10"]
[SourceQuality "1"]
[WhiteTeam "Gliwice Akademia Szachowa II"]
[BlackTeam "Wielkopolski CC"]
[WhiteTeamCountry "POL"]
[BlackTeamCountry "POL"]

1. d4 Nf6 2. c4 g6 3. Nc3 Bg7 4. e4 d6 5. Be2 0-0 6. Be3 e5 7. d5 Nbd7 8. h4 Nc5 9. Qc2 a5 10. h5 c6 11. Bxc5 dxc5 12. h6 Bh8 13. Nf3 cxd5 14. cxd5 Ne8 15. Nb5 a4 16. Qxc5 Bd7 17. Qb4 Qb6 18. a3 Bxb5 19. Qxb5 Qxb5 20. Bxb5 Nd6 21. Bd3 f5 22. Nd2 Rfc8 23. Ke2 Bf6 24. Rac1 Kf7 25. Nc4 Nxc4 26. Rxc4 Rxc4 27. Bxc4 Rc8 28. Bd3 fxe4 29. Bxe4 Ke7 30. Rd1 Kd6 31. Rd2 Bg5 32. Rc2 Rxc2+ 33. Bxc2 Bxh6 34. Bxa4 Bc1 35. Bb3 Bxb2 36. a4 b6 37. Kd3 1/2-1/2

[Event "POL Superleague Rapid"]
[Site "Poland"]
[Date "2023.05.09"]
[Round "4.4"]
[White "Maltsevskaya, Aleksandra"]
[Black "Antolak, Julia"]
[Result "1/2-1/2"]
[WhiteElo "2390"]
[BlackElo "2288"]
[PlyCount "76"]
[EventDate "2023.04.04"]
[EventType "team-tourn (rapid)"]
[EventRounds "14"]
[EventCountry "POL"]
[SourceTitle "EXT 2024"]
[Source "ChessBase"]
[SourceDate "2023.10.10"]
[SourceVersion "1"]
[SourceVersionDate "2023.10.10"]
[SourceQuality "1"]
[WhiteTeam "Pegow Wieza"]
[BlackTeam "Gliwice Akademia Szachowa II"]
[WhiteTeamCountry "POL"]
[BlackTeamCountry "POL"]

1. c4 Nf6 2. Nf3 e6 3. g3 a6 4. Bg2 b5 5. d3 Bb7 6. e4 d6 7. b3 Be7 8. Bb2 0-0 9. 0-0 Nbd7 10. Nbd2 c5 11. Qe2 Re8 12. d4 bxc4 13. e5 dxe5 14. dxe5 c3 15. Bxc3 Nd5 16. Bb2 N7b6 17. Rfd1 Qc7 18. h4 a5 19. Rac1 a4 20. Ng5 h6 21. Nge4 axb3 22. axb3 Ra2 23. Bd4 Nd7 24. Nd6 Bxd6 25. exd6 Qxd6 26. Ne4 Rxe2 27. Nxd6 Rb8 28. Nxb7 Rxb7 29. Bxc5 Nxc5 30. Rxc5 Rxb3 31. Bf1 Reb2 32. Rc8+ Kh7 33. Bd3+ g6 34. h5 Kg7 35. hxg6 fxg6 36. Bc4 Rf3 37. Bxd5 exd5 38. Rc7+ Rf7 1/2-1/2

[Event "EU-ch (Women) 23rd"]
[Site "Petrovac"]
[Date "2023.03.27"]
[Round "9"]
[White "Petrova, Irina"]
[Black "Antolak, Julia"]
[Result "0-1"]
[WhiteElo "2123"]
[BlackElo "2276"]
[PlyCount "166"]
[EventDate "2023.03.18"]
[EventType "swiss"]
[EventRounds "11"]
[EventCountry "MNE"]
[SourceTitle "CBM 213 Extra"]
[Source "ChessBase"]
[SourceDate "2023.05.31"]
[SourceVersion "1"]
[SourceVersionDate "2023.05.31"]
[SourceQuality "1"]

1. e4 c5 2. Nf3 e6 3. c4 Nc6 4. Nc3 Nd4 5. g3 Ne7 6. Bg2 Nec6 7. 0-0 Be7 8. d3 0-0 9. a3 a6 10. Rb1 Rb8 11. Bf4 d6 12. Nxd4 cxd4 13. Ne2 e5 14. Bd2 b5 15. f4 bxc4 16. dxc4 Be6 17. b3 f6 18. Nc1 Bxc4 19. Rf2 Qb6 20. Bf1 Be6 21. Bd3 Rfc8 22. b4 Na7 23. a4 Rc6 24. Nb3 Bc4 25. Bxc4+ Rxc4 26. Qg4 Rc7 27. b5 Qb7 28. b6 Qxb6 29. Ba5 Qxa5 30. Nxa5 Rxb1+ 31. Kg2 Nc8 32. Qe2 Rb6 33. Qa2+ Kf8 34. Rc2 Rc5 35. fxe5 fxe5 36. Nb3 Rc3 37. Rf2+ Bf6 38. Nd2 Ke7 39. Nf3 Rbc6 40. Nh4 d3 41. Nf5+ Kf8 42. Ne3 Ne7 43. Qd2 Ke8 44. Nd1 Rb3 45. Qa2 Rb4 46. Rd2 Rxe4 47. Rxd3 d5 48. Ne3 d4 49. Nc4 Re1 50. Na5 e4 51. Rb3 Rc8 52. Rb7 e3 53. Qe6 Rec1 54. Nb3 R1c7 55. Rxc7 Rxc7 56. Qe4 Rc4 57. a5 Rb4 58. Qd3 Kf8 59. Kf3 g6 60. Nc5 Rb5 61. Ne6+ Kf7 62. Qc4 Rxa5 63. Nxd4+ Rd5 64. Nc2 Kg7 65. Nxe3 Rd6 66. Qc7 Rd3 67. Qc4 Rc3 68. Qe4 Nf5 69. Qb7+ Kh6 70. Qxa6 Rxe3+ 71. Kg2 Bd4 72. Qa8 Kg7 73. Qb7+ Re7 74. Qb4 h5 75. Kf3 Re3+ 76. Kg2 Re2+ 77. Kh3 Kh6 78. Qf8+ Bg7 79. Qc8 Rb2 80. Qc1+ Kh7 81. Qd1 Ne3 82. Qd7 Ng4 83. Kh4 Kh6 0-1